|
|
|
|
| LEADER |
00000nam0a2200000 4500 |
| 001 |
83821 |
| 005 |
20231031100337.0 |
| 035 |
|
|
|a (RuTPU)RU\TPU\book\90121
|
| 090 |
|
|
|a 83821
|
| 100 |
|
|
|a 20051022d1980 k y0rusy50 ca
|
| 101 |
0 |
|
|a rus
|
| 102 |
|
|
|a RU
|
| 105 |
|
|
|a a z 000zy
|
| 200 |
1 |
|
|a Современные методы и средства исследования и измерения внешнего трения
|e научные труды
|f Всесоюзный научно-исследовательский институт физико-технических и радиотехнических измерений; под ред. Б. М. Степанова
|
| 210 |
|
|
|a Москва
|d 1980
|
| 215 |
|
|
|a 103 с.
|c ил.
|
| 320 |
|
|
|a Библиогр.: с. 102
|
| 610 |
1 |
|
|a внешнее трение
|
| 610 |
1 |
|
|a методы исследования
|
| 610 |
1 |
|
|a средства
|
| 610 |
1 |
|
|a графиты
|
| 610 |
1 |
|
|a диффузионные покрытия
|
| 610 |
1 |
|
|a масс-спектроскопические методы
|
| 610 |
1 |
|
|a зубчатые передачи
|
| 675 |
|
|
|a 621.891
|v 3
|
| 702 |
|
1 |
|a Степанов
|b Б. М.
|4 340
|
| 712 |
0 |
2 |
|a Всесоюзный научно-исследовательский институт физико-технических и радиотехнических измерений (ВНИИФТРИ)
|2 stltpush
|3 (RuTPU)RU\TPU\col\12883
|
| 801 |
|
1 |
|a RU
|b 63413507
|c 20051022
|g PSBO
|
| 801 |
|
2 |
|a RU
|b 63413507
|c 20081208
|g PSBO
|
| 942 |
|
|
|c BK
|